God Save The Queen - Statistics

General Stats
  • This quiz has been taken 1,212 times
    1,113 since last reset
  • The average score is 10 of 21
Answer Stats
Lyrics % Correct
{God} save The Queen.
93%
God save our {gracious} Queen,
91%
God save {The} {Queen}:
91%
Happy and {glorious},
86%
Long to {reign} over us:
86%
Long live our {noble} Queen,
81%
Send her {victorious},
81%
God {save} The Queen!
68%
{Long} may she reign:
53%
To sing with {heart} and voice
35%
May she {defend} our laws,
28%
And ever give us {cause}
27%
And make them {fall}:
25%
{Confound} their politics,
24%
Frustrate their {knavish} tricks,
24%
God save {us} {all}
23%
On her be {pleased} to pour;
22%
On {Thee} our hopes we fix:
22%
{Scatter} her enemies,
22%
O Lord our God {arise},
21%
Thy {choicest} gifts in store,
21%
No matching quizzes found
Score Distribution
Percent of People with Each Score
Percentile by Number Answered
Your Score History
You have not taken this quiz since the last reset